• 首页
  • 本馆介绍
  • 公告通知
  • 最新文献
  • 馆藏检索
  • 电子资源
  • 读者导购
  • 参考咨询
  • 我的图书馆
  • 登录
  • 详细信息显示
  • 放入我的书架
  • 预约/预借图书
  • 作者相关作品
  • 分类相关作品
  • 丛书相关作品
  • 出版社相关作品

书目信息

  • 表格格式
  • 工作单格式
  • 卡片格式
题名:
童谣舞蹈
    
 
作者: 傅凤玲 编著
分册: 4-6岁  
出版信息: 北京   人民音乐出版社  2005
页数: 66页
开本: 27cm
丛书名:
单 册:
中图分类: J722.3
科图分类:
主题词: 儿童歌舞--教材 , 儿童歌舞
电子资源:
ISBN: 7-103-03017-0
000 00961nam0 2200253 450
001 003043507
005 20070806181349.39
010    @a7-103-03017-0@dCNY25.00
100    @a20050720d2005 em y0chiy0110 ea
101 0  @achi
102    @aCN@b110000
105    @aa z 000yy
200 1  @a童谣舞蹈@9tong yao wu dao@h4-6岁@e幼儿舞蹈基本训练新教程@f傅凤玲等编著
210    @a北京@c人民音乐出版社@d2005
215    @a66页@c图@d27cm@e1光盘
307    @a附光盘:ISRC CN-M26-05-338-00
330    @a本书选取22首“童谣加舞蹈训练加文化知识”构成童谣舞蹈教材,适用于4-6岁幼儿。这种以童谣的语言描述舞蹈和阐明舞蹈基本动作用以教学,能使幼儿在游乐的心态中自觉接受舞蹈熏陶,达到“寓教于乐”的效果。
517 1  @a幼儿舞蹈基本训练新教程@9you er wu dao ji ben xun lian xin jiao cheng
606 0  @a儿童歌舞@j教材
606 0  @a儿童歌舞
690    @aJ722.3@v4
701  0 @a傅凤玲@9fu feng ling@c(女)@4编著
801  0 @aCN@bNLC@c20070806
905    @a10447@dJ722.3@e103:(4-6)
    
    童谣舞蹈.4-6岁:幼儿舞蹈基本训练新教程/傅凤玲等编著.-北京:人民音乐出版社,2005
    66页:图;27cm+1光盘
    
    
    ISBN 7-103-03017-0:CNY25.00
    本书选取22首“童谣加舞蹈训练加文化知识”构成童谣舞蹈教材,适用于4-6岁幼儿。这种以童谣的语言描述舞蹈和阐明舞蹈基本动作用以教学,能使幼儿在游乐的心态中自觉接受舞蹈熏陶,达到“寓教于乐”的效果。
●
相关链接 在E读中查询图书 在五车中查询图书 在当当中查询图书 在豆瓣中查询图书


正题名:童谣舞蹈     索取号:J722.3/103:(4-6)         预约/预借

序号 登录号 条形码 馆藏地/架位号 状态 备注
1 0804176   208041769   第一样本阅览室/ [索取号:J722.3/103:(4-6)] 在馆    
2 0804177   208041778   第一借阅区/ [索取号:J722.3/103:(4-6)] 在馆    
3 0804178   208041787   第一借阅区/ [索取号:J722.3/103:(4-6)] 在馆    
4 0804179   208041796   密集书库-音乐系/ [索取号:J722.3/103:(4-6)] 在馆    
唐山师范学院图书馆 欢迎您!
大连网信软件有限公司© 版权所有